000 00282nam a2200109Ia 4500
001 1264723
005 20260417141948.0
008 260417s9999 xx 000 0 und d
020 _a9786051855509
245 0 _aKorku ve Titreme
_cGulam Hüseyin Saedi
260 _bEverest Yayınları
999 _c1264723
_d1264723